000 00708nam a2200289Ia 4500
005 20260324111648.0
008 008 260324s9999 xx 000 0 eng d
020 _a9781003612612
037 _aEBOOK
040 _aCRL
040 _beng
040 _cCRL
041 _2eng
041 _aeng
084 _qCRL
100 _aKristin S. Williams; Albert J Mills; Heidi Weigand
_91139494
245 0 _aManagement Education in Canada
245 0 _bHistorical Reflections
260 _bTaylor and Francis
260 _c2025
365 _a
365 _b230
856 _uhttp://www.taylorfrancis.com/books/9781003612612
942 _cEBOOK
999 _c1728389
_d1728389